| 000 | 00350nam a22001337a 4500 | ||
|---|---|---|---|
| 020 | _a0-89158-982-1 | ||
| 082 | _a320.95491 ZIR'P | ||
| 100 |
_aZIRING, LAW _975871 |
||
| 245 | _aPAKISTAN THE ENIGMA OF POLITICAL DEVELOPMENT | ||
| 260 |
_aWESTVIEW _bDAWSON _c1980 |
||
| 300 | _a293P | ||
| 650 |
_aPAKISTAN POLITICS AND GOVERNMENT _937702 |
||
| 942 | _cBK | ||
| 999 |
_c581279 _d581279 |
||